000 002800000a22001090004500
100 1 _aHupp, David M.
245 1 0 _aMission perspective of a tentmaking agency
300 _aVol. 14, Núm 13 (1997), Páginas 145-148
700 1 _aMartin, Danny D.
773 0 _tEvangel
942 _cANA
999 _c54165
_d54165